00824nam a2200193 a 450000100100000000500170001000800410002704000250006808200150009310000300010824501230013826000360026130000210029750400730031859000750039170000340046695201130050099900170061300003483220200930073930.0111020s1955 ag 000 0 spa d aDO-SdBNPbspacBNPHU axxxxbxxxx1 aMerani, Alberto L.96034913aEl despertar de la inteligencia :bpsicología del primer año de vida /cAlberto L. Merani ; prólogo Sergio Levi. aBuenos Aires, :bPsique,c1955. a146 p. ;c21 cm. aIncluye referencias bibliográficas y notas al pie de las páginas aPerteneció a la biblioteca personal de Juan Isidro Jimenes Grullón1 aLevi, Sergio,epról.960352 001050718RVaGRbGRcHDd2011-10-20iLF1l0oxxxx xxxxp34832-10r2020-06-25w2020-06-25y1ZNo se presta c34323d34323